000 01052nam a22002657a 4500
999 _c65637
_d65637
005 20240530110835.0
008 191027s2008 ua a f b 000 0 ara d
017 _a10175/2008
_bمصر. دار الكتب
020 _a9789774521225
040 _aEG-CaGPL
_cEG-CaGPL
082 0 4 _221
_a328.32062
_bق/خ م
100 0 _aخالد عزب
245 1 0 _aمجلس الشعب المصرى /
_cتحرير واعداد خالد عزب ، محمود عزت ، احمد طاهر
260 _aالاسكندرية :
_bمكتبة الاسكندرية،
_c2008
300 _a267 ص. :
_bايض ؛
_c26 سم .
490 0 _aسلسلة ذاكرة مصر المعاصرة ؛
_v5
504 _aيشمل على ارجاعات ببليوجرافية
650 _2qrmak
651 0 7 _2qrmak
_aمصر
_xمجلس الشعب
651 0 7 _aمصر
_xالهيئات التشريعية
_2qrmak
700 0 _aمحمود عزت
_eمحرر ومعد
700 0 _aاحمد طاهر
_eمحرر ومعد
942 _2ddc
_cBK